El acuerdo MERCOSUR-UE: los sectores promotores en Brasil y los desafíos actuales para la integración =
Guardat en:
| Autor principal: | |
|---|---|
| Format: | Text |
| Etiquetes: |
Afegir etiqueta
Sense etiquetes, Sigues el primer a etiquetar aquest registre!
|
MARC
| LEADER | 00000 a a2200000 04500 | ||
|---|---|---|---|
| 001 | 47923 | ||
| 003 | |||
| 040 | |||
| 100 | |a Míguez, María Cecilia | ||
| 245 | |a El acuerdo MERCOSUR-UE: |b los sectores promotores en Brasil y los desafíos actuales para la integración = |b Mercosur-EU agreement: promoters sectors in Brazil and current challenges for integration / |c María Cecilia Míguez, Agustín Crivelli | ||
| 773 | |g número144, (2014), páginas 117-131 : tablas, gráficos | ||
| 999 | |c 21262 |d 21262 | ||
| 773 | 0 | |0 18728 |9 1628 |a Universidad de Costa Rica |d San José, Costa Rica Editorial UCR 1956- |o 18152 |t Revista de Ciencias Sociales/ |x 04825276 | |
